| 000 | 00594nam a22002057a 4500 | ||
|---|---|---|---|
| 001 | 35421 | ||
| 003 | BD-RjUL | ||
| 005 | 20211209052322.0 | ||
| 008 | 140524s1969 ii a|||| |||| 00| 0 eng d | ||
| 035 | _a(BD-RjUL)35515 | ||
| 040 |
_aBD-RjUL _beng _cBD-RjUL |
||
| 041 | _aeng | ||
| 082 |
_a519 _bCHI Pt. II 1969 |
||
| 100 | 1 |
_aChaudhary, Sher Muhammad _9107856 |
|
| 245 | 1 |
_aIntroduction To Statistical Theory / _cSher Muhammad Chaudhary _nPart II |
|
| 260 |
_aLahore : _bIlmi Kitab Khana, _c1969. |
||
| 300 |
_axii, 343 p. : _bill. ; _c22 cm. |
||
| 650 |
_aStatistics _9107857 |
||
| 942 |
_2ddc _cBK |
||
| 999 |
_c35421 _d35421 |
||